01281nam a2200289 a 4500001001000000005001700010041000800027044000800035084002000043100004500063245008300108260005800191300006400249500006900313500007900382500015700461500003900618500001000657546002400667650005200691650005600743650003400799650004500833700002200878700004100900740005000941BRCA_338620190320204245.0 aeng aenk a675b.R68c19051 aCervantes Saavedra, Miguel ded1547-161610aThe Adventures of Don Quixote de la ManchacAdapted for the Young by M. Jones. aLondres : Nueva YorkbGeorge Routledge and Sonsc1905 a1 v. en 2 partes (x, 503 p.)bil. (algunas a color)c20 cm. aContenido : Prefacio de M. Jones. Texto compendiado de la novela aEdición : With 206 Illustrations by John Gilbert, R. A. and other Artist aTraducción abreviada para la juventud por M. Jones. Va adornada con ilustraciones de J. Gilbert. Tela; planos adornados; corte dorado Lúdovik Osterc aCon ex-libris de : Gerald Seligman aQM990 aTexto en : inglés14aNovela españolayÉpoca clásica, 1500-170014aLiteratura españolayÉpoca clásica, 1500-170014aNovela españolaySiglo XVII14aDon Quijote (Personaje ficticio)eNovela1 aJones, M.eEditor1 aGilbert, Johnd1817-1897eIlustrador0 aEl Ingenioso Hidalgo Don Quijote de la Mancha